Movie Trivia - Statistics

General Stats
  • This quiz has been taken 81 times
  • The average score is 9 of 15
Answer Stats
Question Answer % Correct
What holiday does Michael Myers typically attack on? Halloween
90%
What is DC's superhero team called The Justice League
85%
Who does John Travolta play in Pulp Fiction? Vincent Vega
80%
What's in the box!? his wife's head
78%
Who said "No Mr. Bond! I expect you to die!"? Auric Goldfinger
75%
What does Ash Williams replace his hand with? Chainsaw
75%
What is the evil organization in the James Bond franchise? SPECTRE
75%
Which is NOT an artifact seen in Indiana Jones The Crown of Thorns
68%
What is the name of the family in The Texas Chainsaw Massacre? The Sawyer family
63%
Which is not a henchman? Hugo Drax
43%
Why are the Three Amigos American? Because in universe they're actors
40%
Who is the killer in the original Friday the 13th? Pamela Voorhees
40%
What movie is nicknamed "the first horror movie"? The Cabinet of Dr. Caligari
23%
What does Franz Sanchez say to do to the money Milton Krest's head blew up on? Launder it
18%
By the time of the Dark Crystal how many Skeksis and Mystics were left? 10
15%
No matching quizzes found
Score Distribution
Percent of People with Each Score
Percentile by Number Answered
Your Score History
You have not taken this quiz